Sports Quiz

Random Sports or NCAA Quiz

NCAA Tournament Wins as #5 Seed since 1985 Quiz Stats

Quiz not verified by Sporcle

Challenge
Share
Tweet
Embed
Score 0/57 Timer 10:00
0 Plays Today
Wins Team % Correct
14Michigan State
100%
3Kentucky
99%
9Indiana
98%
4Virginia
98%
2Duke
97%
3Arizona
97%
2Kansas
97%
2Louisville
97%
3Illinois
97%
5Maryland
96%
2Texas
96%
4Iowa
96%
2California
96%
3Connecticut
95%
1Oklahoma State
95%
1LSU
95%
2Wisconsin
95%
3Florida
94.1%
6Mississippi State
94.1%
2Washington
94.1%
1Kansas State
94.1%
1Missouri
94.1%
7Butler
93.1%
2Cincinnati
93.1%
1Pittsburgh
93.1%
2Tennessee
93.1%
2Villanova
92.1%
2Georgia Tech
92.1%
5Purdue
92.1%
Wins Team % Correct
2North Carolina State
92.1%
4Wake Forest
92.1%
2USC
92.1%
5Syracuse
91.1%
1St. John's
91.1%
4Alabama
91.1%
2Iowa State
91.1%
1Texas A&M
91.1%
1Virginia Tech
91.1%
2Arkansas
90.1%
2Arizona State
90.1%
6Notre Dame
90.1%
1Boston College
89.1%
4Clemson
89.1%
1New Mexico
89.1%
1Vanderbilt
88.1%
5West Virginia
85.1%
1Virginia Commonwealth
84.2%
1St. Louis
81.5%
2Utah
81.3%
1DePaul
75.2%
1Tulsa
73.3%
1Princeton
71.3%
1SMU
67.3%
1Charlotte
65.3%
2Louisiana Tech
59.4%
1Northern Iowa
50%
1Ohio State
0%

You're not logged in!

Compare scores with friends on all Sporcle quizzes.
Join for Free
OR
Log In

You Might Also Like...

Show Comments

Extras

Top Quizzes Today


Score Distribution

Your Account Isn't Verified!

In order to create a playlist on Sporcle, you need to verify the email address you used during registration. Go to your Sporcle Settings to finish the process.

Report this User

Report this user for behavior that violates our Community Guidelines.

Details: